| 000 | 00716nam a22001937a 4500 | ||
|---|---|---|---|
| 999 |
_c11136 _d11136 |
||
| 003 | AR-CdUCM | ||
| 008 | 190403b ||||| |||| 00| 0 spa d | ||
| 040 |
_aMUNICIPALIDAD PROVINCIAL DEL CUSCO _cBIBLIOTECA MUNICIPAL DEL CUSCO |
||
| 082 |
_a658.002 / _bV62 / 1943 |
||
| 100 |
_aVicens Carrio, Jaime _928323 |
||
| 245 | _aCostes y presupuestos del pequeño industrial / | ||
| 260 |
_aBarcelona : _bJuventud, _c1943. |
||
| 300 |
_a147 páginas ; _c21 cm. |
||
| 505 | _aContenido: Concepto de presupuesto y coste -- Elementos de constitución -- Elementos de valoración -- Calculo de coste -- Elementos de control. | ||
| 650 |
_aIndustrias _94471 |
||
| 650 |
_aCostos _923163 |
||
| 942 |
_2ddc _cLIBROS |
||
| 945 | _aacv | ||